LIBRARY ONLINE CATALOGUE

When faith becomes sight : (Record no. 21537)

MARC details
000 -LEADER
fixed length control field 01909cam a2200421 i 4500
001 - CONTROL NUMBER
control field 21077824
003 - CONTROL NUMBER IDENTIFIER
control field OSt
005 - DATE AND TIME OF LATEST TRANSACTION
control field 20260318111242.0
006 - FIXED-LENGTH DATA ELEMENTS--ADDITIONAL MATERIAL CHARACTERISTICS
fixed length control field m |o d |
007 - PHYSICAL DESCRIPTION FIXED FIELD--GENERAL INFORMATION
fixed length control field cr |||||||||||
008 - FIXED-LENGTH DATA ELEMENTS--GENERAL INFORMATION
fixed length control field 190710s2019 ilu ob 000 0 eng
010 ## - LIBRARY OF CONGRESS CONTROL NUMBER
LC control number 2019029420
020 ## - INTERNATIONAL STANDARD BOOK NUMBER
International Standard Book Number 9780830848379
Qualifying information (ebook)
020 ## - INTERNATIONAL STANDARD BOOK NUMBER
Canceled/invalid ISBN 9780830846634
Qualifying information (paperback)
035 ## - SYSTEM CONTROL NUMBER
System control number 21077824
040 ## - CATALOGING SOURCE
Original cataloging agency DLC
Language of cataloging eng
Transcribing agency DLC
Description conventions rda
Modifying agency DLC
042 ## - AUTHENTICATION CODE
Authentication code pcc
050 00 - LIBRARY OF CONGRESS CALL NUMBER
Classification number BV4637
082 00 - DEWEY DECIMAL CLASSIFICATION NUMBER
Classification number 248.4
Edition number 23
100 1# - MAIN ENTRY--PERSONAL NAME
Personal name Booram, Beth,
Relator term author.
245 10 - TITLE STATEMENT
Title When faith becomes sight :
Remainder of title opening your eyes to God's presence all around you /
Statement of responsibility, etc. Beth A. Booram and David Booram.
264 #1 - PRODUCTION, PUBLICATION, DISTRIBUTION, MANUFACTURE, AND COPYRIGHT NOTICE
Place of production, publication, distribution, manufacture Downers Grove, Illinois :
Name of producer, publisher, distributor, manufacturer IVP, an imprint of InterVarsity Press,
Date of production, publication, distribution, manufacture, or copyright notice 2019.
300 ## - PHYSICAL DESCRIPTION
Extent 1 online resource
336 ## - CONTENT TYPE
Content type term text
Content type code txt
Source rdacontent
337 ## - MEDIA TYPE
Media type term computer
Media type code c
Source rdamedia
338 ## - CARRIER TYPE
Carrier type term online resource
Carrier type code cr
Source rdacarrier
504 ## - BIBLIOGRAPHY, ETC. NOTE
Bibliography, etc Includes bibliographical references.
520 ## - SUMMARY, ETC.
Summary, etc. "How can I more clearly recognize God's nearness and initiative in my life? As spiritual directors, Beth and David Booram have guided many people into deeper awareness of this living, present God at work within their lives. In this book they will help you learn to recognize God in and around you, reflect on your experience, and respond faithfully to God's presence and action in your life"--
Assigning source Provided by publisher.
588 ## - SOURCE OF DESCRIPTION NOTE
Source of description note Description based on print version record.
650 #0 - SUBJECT ADDED ENTRY--TOPICAL TERM
Topical term or geographic name as entry element Faith.
650 #0 - SUBJECT ADDED ENTRY--TOPICAL TERM
Topical term or geographic name as entry element Vision
General subdivision Religious aspects
-- Christianity.
650 #0 - SUBJECT ADDED ENTRY--TOPICAL TERM
Topical term or geographic name as entry element Spirituality
General subdivision Christianity.
700 1# - ADDED ENTRY--PERSONAL NAME
Personal name Booram, David,
Dates associated with a name 1955-
Relator term author.
776 08 - ADDITIONAL PHYSICAL FORM ENTRY
Relationship information Print version:
Main entry heading Booram, Beth.
Title When faith becomes sight
Place, publisher, and date of publication Downers Grove, Illinois : IVP, an imprint of InterVarsity Press, 2019.
International Standard Book Number 9780830846634
Record control number (DLC) 2019029419
906 ## - LOCAL DATA ELEMENT F, LDF (RLIN)
a 7
b cbc
c orignew
d 1
e ecip
f 20
g y-gencatlg
942 ## - ADDED ENTRY ELEMENTS (KOHA)
Source of classification or shelving scheme Library of Congress Classification
Koha item type General Collection
Holdings
Withdrawn status Lost status Source of classification or shelving scheme Not for loan Home library Current library Shelving location Date acquired Source of acquisition Inventory number Total Checkouts Full call number Barcode Date last seen Copy number Price effective from Koha item type
    Library of Congress Classification   Kabarak, Main Campus Kabarak, Main Campus General Stacks 18/03/2026 Donation 2025/2438   BV4637 .B66 2019 C.1 38988 18/03/2026 C.1 18/03/2026 General Collection